00709cam a22001937a 4500008004000000020001500040082001300055100002400068245011500092260003300207300001000240650003100250650003400281650002900315650005000344700001800394999001900412952008400431180718b2001 xxu||||| |||| 00| 0 eng d a1571051953 aT39 St49 aStewart, Terence P. aHandbook on WTO trade remedy disputes: the first six years (1995-2000)cby Terence P. Stewart and Amy S. Dwyer aArdsleybTransnationalc2001 a560p. aArbitration, International aTariffs - Law and legislation aForeign trade resolution aWorld Trade Organization - Rules and practice aDwyer, Amy S. c399284d399284 00104070aIIPAbIIPAd2002-03-04oT39 St49p77336r2018-07-21w2018-07-21yBK